000 00608nam a22002297a 4500
005 20220423130003.0
008 220423b ||||| |||| 00| 0 eng d
020 _a9789381784419
040 _aIN-DiNC
_cIN-DiNC
041 _dasm
082 _a333.7
100 _aSaikia Tarun
_eauthor
245 _aPoribesh adhyan
_cby Tarun Saikia
250 _a1st ed.
260 _aJorhat
_bBidyabhaban
_c2013
300 _a186p.
700 _aParesh Chandra Borah
_eauthor
700 _aRunu Borah Saikia
_eauthor
700 _aAshima Borahom
_eauthor
700 _aPanchali Karmakar
_eauthor
942 _2ddc
_cBK
999 _c11277
_d11277